| 000 | 00742nam a22002297a 4500 | ||
|---|---|---|---|
| 003 | BCEG | ||
| 005 | 20260414140509.0 | ||
| 008 | 260414s2018 mx|||||| |||| 00| 0 spa d | ||
| 020 | _a9786074849103 | ||
| 040 |
_aBCEG _bspa _cBCEG |
||
| 082 | 0 | 4 |
_a920.972 _bR459c |
| 100 | 1 | _aReyna, María del Carmen, | |
| 245 | 1 | 0 |
_aCaleidoscopio histórico _b: datos biográficos de algunos personajes omitidos en la historia de México. |
| 260 |
_aMéxico : _bInstituto Nacional de Antropología e Historia, _c2018. |
||
| 300 | _a157 p. | ||
| 490 | _aColección Historia. Serie Enlace. | ||
| 504 | _aIncluye bibliografía. | ||
| 541 | _aCompra. | ||
| 651 | 4 |
_aMéxico _xHistoria _vBiografías. |
|
| 700 | 1 |
_aKrammer, Jean-Paul, _ecoaut. |
|
| 942 | _cBK | ||
| 999 |
_c437191 _d437191 |
||